Histoire - Statistiques

Statistiques générales
  • Ce quiz a été pris 28 fois
  • Le résultat moyen est 8 sur 15
Statistiques - réponses
Hint Réponse % Correct
Pays africain colonisé par la France entre 1830 et 1962 Algérie
100%
Reprise à l'Allemagne avec la Moselle à l'issue de la Première Guerre mondiale Alsace
96%
Napoléon Bonaparte y naquit le 15 août 1769 Ajaccio
88%
Figure de la Résistance puis de la Ve République célèbre pour son appel du 18 juin 1940 Charles de Gaulle
88%
Défaite décisive des peuples Gaulois face à l'armée romaine en 52 av. J.-C. Alésia
84%
Simone Veil y fut déportée, comme 1,3 millions d'Européens au cour de la Seconde Guerre mondiale Auschwitz
76%
Elle a notamment pris la vie de Louis XVI, Jeanne du Barry ou encore Robespierre Guillotine
64%
Colonie pénale d'Amérique du Sud (re)devenue département en 1946 Guyane
60%
Victoire écrasante des Anglais sur les Français pourtant en forte supériorité numérique en 1415, dans le cadre de la guerre de Cent Ans Azincourt
40%
Duchesse d'Aquitaine, reine des Francs puis d'Angleterre entre 1137 et 1189 Aliénor d'Aquitaine
36%
Peuple gaulois indépendant duquel Vercingétorix était issu Arvernes
28%
Ville moquée et surnommée Grelibre par Louis XVIII (et pas les révolutionnaires) Grenoble
28%
Commune qui accueillit le principal port artificiel du débarquement de Normandie Arromanches
16%
Seigneur breton qui aurait repoussé les envahisseurs germaniques entre le Ve et le VIe siècle mais dont l'existence plus légendaire qu'historique n'est pas attestée Arthur
16%
Surnom de Charles III, Roi des Francs et Empereur d'Occident Charles le Gros
8%
Aucun quiz correspondant
Distribution des résultats
% des personnes avec chaque résultat
Percentile par nombre de réponses
Votre historique - résultats
Vous n’avez pas pris ce quiz